Регионална библиотека "Любен Каравелов" - Русе

Щитовидна жлеза (Запис номер 144997)

MARC детайли
000 -Лидер
Контролно поле с фиксирана дължина 02141nam a2200445 c 4500
003 - Код на организацията, давaща контролен номер
Контролно поле BLK
005 - Дата и час на последна редакция
Контролно поле 20250211143149.0
008 - Елементи от данни с фиксирана дължина
fixed length control field 180410b bul|||||r ||||||| ||bul||
010 ## - Наследен системен номер
LC control number KNG00151161000
020 ## - Международен стандартен номер на книга ISBN
Международен стандартен номер на книга ISBN 978-954-9886-72-6
-- издат.: Паритет
040 ## - Източник на каталожния запис
Идентификатор на билиотеката - собственик на записа BLK
041 ## - Код за език
Код за езика на текст/звукозапис или на отделно заглавие Български
Код за езика КДБФ Български
072 #7 - Код за тематичната категория
Код организация bullib
Код за тематична категория Н61
Текст Медицина Н
072 #7 - Код за тематичната категория
Код организация bullib
Код за тематична категория Л01
Текст Заболявания
080 ## - УДК
Текстов определител УДК Болести на щитовидната и околощитовидните жлези - Тиреоидит, гуша(струма), ендемична гуша, тиреотоксикоза, хипертиреоидизъм(гуша с екзофталм), Базедова болест, хипотиреоидизъм, микседема и др.
УДК код - определител по УДК 616.44
УДК определител -083(02.062)
УДК - код + определител 616.44-083(02.062)
100 1# - Редна дума - Автор
Автор Якобсон, Мария
Авторска отговорност първи автор
R(LIN) 326146
139 ## - Редно поле
Редна дума Якобсон, Мария
Авторски знак Яко - Я 33
245 10 - Сведения за заглавието
Заглавие Щитовидна жлеза
Подзаглавни данни Най-добрите методи за лечение
Редно поле (дума) Мария Якобсон.
257 ## - Страна на издаване
Страна на създаване/издаване Русия
260 ## - Област на издателските данни
-- София
Име на издателя, разпространителя и проч. Паритет
Година на издаване 2011
Печатница София : Анториери
300 ## - Физическа характеристика
Страници 128 с.
Размери/Мащаб 20 см
380 ## - Жанр
Жанр Медицина
490 1# - СЕРИИ (Колекции)
Име на серия Семеен доктор
500 ## - Общи забележки
Забележка Ориг. загл. Щитовидная железа. Лучшие методы лечения / Мария Якобсон.
650 #4 - Допълнително описание по предмет – тема
Основно описание – тема или топоним Щитовидна жлеза - болести - профилактика и лечение
9 (RLIN) 258130
650 #4 - Допълнително описание по предмет – тема
Основно описание – тема или топоним Лечебно хранене - популярна литература
9 (RLIN) 270777
653 ## - Ключова дума – ненормативна
Ключова дума жлези с вътрешна секреция
653 ## - Ключова дума – ненормативна
Ключова дума щитовидна жлеза
653 ## - Ключова дума – ненормативна
Ключова дума лечебно хранене
653 ## - Ключова дума – ненормативна
Ключова дума ендокринология
653 ## - Ключова дума – ненормативна
Ключова дума медолечение
659 ## - Тематичен бюлетин
Тематичен бюлетин Л
659 ## - Тематичен бюлетин
Тематичен бюлетин Н
852 ## - Местоположение
Форматна сигнатура Цб 265023
856 4# - Електронен адрес и достъп
Електронен формат pdf - файл
Път до файла /url/
856 4# - Електронен адрес и достъп
Електронен формат pdf - файл
Път до файла /url/
942 ## - АРТИКУЛИ
Вид на библиотечния материал Книги
Скрит в OPAC Не
Koha issues (borrowed), all copies 7
944 ## - СЪЗДАВАНЕ И РЕДАКЦИЯ на ЗАПИСА
Създаване/Редакция Създаване
Дата на регистрацията/редакция 02.10.2013
Статус, дата на статуса Цветелина Шанова
Служител, извършил регистрацията/редакцията 30531
944 ## - СЪЗДАВАНЕ И РЕДАКЦИЯ на ЗАПИСА
Създаване/Редакция Редакция
Дата на регистрацията/редакция 29.04.2015
Статус, дата на статуса ф /
Служител, извършил регистрацията/редакцията Людмила_Стоянова
999 ## - СИСТЕМНИ КОНТРОЛНИ НОМЕРА
Koha biblionumber 144997
Koha biblioitemnumber 144997
Наличности
Код за отписване Код за изгубен артикул Код за повреда Коз за рестрикции Код за отдаване Артикулен № Име на библиотеката - собственик Име на библиотеката, в която се намира в момента Статус (Текущо местоположение) Дата на вписване в системата Местоположение - отдел Цена в лева Инвентарен номер Систематично азбучна сигнатура Баркод Номер на екземпляра Цена в евро Служебна бележка Служебен тип на артикула
  Не е изгубен Не е повреден без рестрикции ползва се в читалня 240713 Регионална библиотека "Любен Каравелов" Русе Регионална библиотека "Любен Каравелов" Русе Хранилище 2013-10-02 Хранилище 6.99 120000770006 Цб 265023 120000770006 1 3.57 Дост: Dp Вид: Д N: 29 Дата: 17.07.2012 Книги
  Не е изгубен Не е повреден без рестрикции заемане за дома 240714 Регионална библиотека "Любен Каравелов" Русе Регионална библиотека "Любен Каравелов" Русе Заемна - подръчен фонд 2015-02-12 Заемна - подръчен фонд 3.00 120000785223 П 616.4/Я 33 120000785223 2 1.53 Дост: Pk Вид: Ф N: 424 Дата: 11.02.2015 Дата инв: 05.02.2018 Бележки инв: П2018 Книги
Vip Innovations Ltd, Rousse, Bulgaria 2025